Cơ học cơ sở T.1 : phần tĩnh học, động học /
Các khái niệm cơ bản - Hệ tiên đề tĩnh học; Các bài toán tĩnh học; Tính đồ - dàn; Bài tập ví dụ và hướng dẫn; Động học điểm; Chuyển động cơ bản của vật rắn; Hợp chuyển động của điểm...
محفوظ في:
| المؤلف الرئيسي: | |
|---|---|
| مؤلفون آخرون: | , |
| التنسيق: | كتاب |
| اللغة: | Vietnamese |
| منشور في: |
Hà Nội :
Khoa học và kỹ thuật,
1999.
|
| الموضوعات: | |
| الوسوم: |
إضافة وسم
لا توجد وسوم, كن أول من يضع وسما على هذه التسجيلة!
|
| Thư viện lưu trữ: | Mạng thư viện Đại học Đà Nẵng |
|---|
| LEADER | 01546cam a2200409 i 4500 | ||
|---|---|---|---|
| 001 | 000042283 | ||
| 003 | 157 | ||
| 005 | 20041028144341.0 | ||
| 008 | 010217b1999 vm 000 vie | ||
| 020 | |c 24000 | ||
| 022 | |a T | ||
| 040 | |a IRC |c IRC |d IRC | ||
| 041 | 0 | |a vie | |
| 082 | 1 | 4 | |a 531.1 |b NG-T |
| 100 | 1 | |a Nguyễn Trọng. | |
| 245 | 1 | 0 | |a Cơ học cơ sở |n T.1 : |p phần tĩnh học, động học / |c Nguyễn Trọng, Tống Danh Đạo, Lê Thị Hoàng Yến. |
| 260 | |a Hà Nội : |b Khoa học và kỹ thuật, |c 1999. | ||
| 300 | |a 243 tr. ; |c 24 cm. | ||
| 520 | 3 | |a Các khái niệm cơ bản - Hệ tiên đề tĩnh học; Các bài toán tĩnh học; Tính đồ - dàn; Bài tập ví dụ và hướng dẫn; Động học điểm; Chuyển động cơ bản của vật rắn; Hợp chuyển động của điểm... | |
| 630 | 0 | 4 | |a Cơ học. |
| 630 | 0 | 4 | |a Tĩnh học. |
| 630 | 0 | 4 | |a Động học. |
| 650 | 0 | 4 | |a Cơ học cơ bản. |
| 700 | 1 | |a Tống Danh Đạo, |c PTS. | |
| 700 | 1 | |a Lê Thị Hoàng Yến. | |
| OWN | |a DUT | ||
| AVA | |a UDN50 |b DUT |c Book |d 531.1 NG-T |e available |t Error 5001 Not defined in file expand_doc_bib_avail. |f 1 |g 0 |h N |i 0 |j SH |k 1 | ||
| 999 | |a From the UDN01 | ||
| AVA | |a UDN50 |b DUT |c Book |d 531.1 NG-T |e available |t Error 5001 Not defined in file expand_doc_bib_avail. |f 1 |g 0 |h N |i 0 |j SH |k 1 | ||
| TYP | |a Monograph | ||
| TYP | |a Printed language | ||
| 980 | |a Mạng thư viện Đại học Đà Nẵng | ||